Fr. Conceicao Rodrigues College of Engineering

8051 Programming (Record no. 27611)

MARC details
000 -LEADER
fixed length control field 00273nam a2200133Ia 4500
082 ## - DEWEY DECIMAL CLASSIFICATION NUMBER
Classification number 5.711
100 ## - MAIN ENTRY--PERSONAL NAME
Personal name Boyet/ H./ Katz/ R.
245 ## - TITLE STATEMENT
Title 8051 Programming
260 ## - PUBLICATION, DISTRIBUTION, ETC.
Name of publisher, distributor, etc. ITM Pub
Place of publication, distribution, etc. New York
Date of publication, distribution, etc. 1981
546 ## - LANGUAGE NOTE
Language note ENGLISH
654 ## - SUBJECT ADDED ENTRY--FACETED TOPICAL TERMS
Focus term Computer
942 ## - ADDED ENTRY ELEMENTS (KOHA)
Koha item type BOOK
Holdings
Withdrawn status Lost status Damaged status Not for loan Collection Home library Current library Date acquired Cost, normal purchase price Total Checkouts Full call number Barcode Date last seen Cost, replacement price Price effective from Koha item type
        CRC Fr. Agnel's C.Rodrigues College of Engineering Fr. Agnel's C.Rodrigues College of Engineering 17/03/2023 400.00   5.711 4928 17/03/2023 400.00 17/03/2023 BOOK
        CRC Fr. Agnel's C.Rodrigues College of Engineering Fr. Agnel's C.Rodrigues College of Engineering 17/03/2023 400.00   5.711 4929 17/03/2023 400.00 17/03/2023 BOOK
        CRC Fr. Agnel's C.Rodrigues College of Engineering Fr. Agnel's C.Rodrigues College of Engineering 17/03/2023 400.00   5.711 4930 17/03/2023 400.00 17/03/2023 BOOK